zpět

Detail výsledku týmu

Chicago Bar & Grill ÚT, Liberec

Datum a čas kvízu

30 Celkem bodů Celkový počet nahraných bodů na tomto kvízu bez doplňovacích otázek.
8. Pořadí na kvízu Konečné umístění týmu na tomto kvízu.

Zaznamenané odpovědi

# Otázka Odpověď Body Výsledky
1. Příbramští policisté pátrají p... závodní formule 1
2. Česká komisařka Věra Jourová s... hodnoty a transparentnost 1
3. Kanadská spisovatelka Margaret... Příběh služebnice 1
4. Společnost Apple minulé úterý... iPhone 11 Pro 1
5. Poražený finalista mužské dvou... Daniil Sergejevič Medveděv 1
6. Když už jsme tu měli minulý tý... dopamin 0
7. Syn boha války Area a bohyně l... Erós 0
8. Příponu -filie mají různá slov... Viktorie 0
9. Láska je samozřejmě nevyčerpat... 1B 2D 3A 4C 1
10. Jak se jmenuje tato filmová po... William Shakespeare 0